| 000 | 00428nam a22001337a 4500 | ||
|---|---|---|---|
| 020 | _qPB. | ||
| 040 | _cFIZZA ISHAQ | ||
| 082 |
_a624.1 _bTAW |
||
| 100 |
_aTawil , Sherif El. _9133453 |
||
| 245 |
_aRecommendations for Seismic Design of Hybrid Coupled Wall Systems / _cSherif El-Tawil. |
||
| 260 |
_aNew York: _bAmerican Society of Civil Engineers, _c2010. |
||
| 300 |
_a70 p. ; _c 5.5 x 0.25 x 8.75 inches |
||
| 942 |
_2ddc _cBK |
||
| 999 |
_c616408 _d616408 |
||